000 01284nam0a2200325 4500
001 RU\NLR\b_ik\190455
005 20250616231055.0
010 _a978-5-396-00239-5
035 _a(NLR Aleph) 002262919
090 _a3844356
_c3844357
100 _a20110602d2011 |||y0rusy50 ca
101 1 _aspa
_crus
102 _aRU
105 _aac |||||||||
200 1 _aAnálisis complejo y cibernética
_fA.K. Guts
_gtrad. del ruso por Carlos Daniel Navarro Hernández, Juan Enrique Palomino Pérez
210 _aMoscú
_cURSS
_cКРАСАНД
_d2011
215 _a203, [1] c.
_cил., портр.
_d22
300 _aНа обороте тит. л.: Комплексный анализ и кибернетика / Гуц Александр Константинович
320 _aБиблиогр.: с. 196-198 (42 назв.)
320 _aУказ. в конце кн.
517 0 _aКомплексный анализ и кибернетика
606 1 _aКибернетика
_91080540
_3RU\NLR\AUTH\66103427
606 1 _aКомплексный анализ
_9963593
_3RU\NLR\AUTH\6641337
686 1 _aЗ81
686 1 _aВ161.5
700 1 _aGuc
_bA. K.
_gAleksandr Konstantinovič
_4070
801 0 _aRU
_bNLR
_c20110602
_gRCR
942 _cBOOK
980 _aNB